00623nam a2200241Ia 4500008004100000020001500041050001000056050001500066100002200081245003100103245002100134245002500155260001600180260001700196260000900213300001600222300002000238300001000258500003800268650004500306700001100351999001900362170711s9999 xx 000 0 und d a8183820182 a380.1 bAl425 2008 aAllen, Michael E. aHow to export and import : bway to success / cby Michael E. Allen. aNew Delhi : bLotus Press, c2008 a119 pages : billustrations ; c21cm. aIncludes bibliographic reference. aCommerce, communication, transportation. aTitle. c339615d339615